000 00708nam a22002417a 4500
008 130512b xxu||||| |||| 00| 0 eng d
020 _a0-19-281933-X
024 _cAvailable
037 _cAvailable
040 _aMBSTU LIBRARY
_dMBSTU LIBRARY
082 _222
_a821.1042 BYM
100 _aShakespear, William.
245 _aThe complete sonnets and poems.
260 _aNew York
_bOxford University Press.
_c2002
300 _a20 cm.
_b750 page
_f2
_g20 cm.
600 _aEnglish poetry-sonnets.
650 _2English poetry-sonnets.
700 _aShakespear, William.
270 _aNew York
_bNew York
_dUSA
365 _b812.42
_d812.42
942 _2ddc
_cBK
999 _c357
_d357